000 00341 a2200157 4500
001 74781
020 _a9788520912907
040 _cAnchieta - Colégio São Paulo
100 _aOrthof, Sylvia
240 1 0 _aA bruxa Fofim
_lpor
245 1 0 _aA bruxa Fofim
300 _a16
362 0 _a2002
650 4 _aLiteratura infantil
942 _cBK
999 _c74781
_d74781